000 00887nam a2200301Ia 4500
001 Para_9289
003 CHAP
008 220125s1990 xx 000 0 und d
010 _a208027
040 _cCHAP
090 _aTESIS 2072
100 _aLeyva Vazquez, Jorge Luis
_966595
245 _aBiology of the mexican fruit fly Anastrepha ludens (Loew) (Diptera :
_bTephritidae) /
_c by Jorge Luis Leyva Vazquez
260 _aTexas :
_b el autor
300 _a120 h.
502 _aTesis (Doctor of Phylosophy): Texas A&M University
650 _aAnastrepha ludens
_95487
650 _aDípteros
_933715
650 _aFruta
_x plagas
_943646
710 _aTexas A&M University
_9170452
901 _aTESIS 2072
902 _aM
905 _a0000001990 mn 0000000000 00
910 _a1990
942 _cPARA
942 _cPARA
_d2
999 _c208027
_d208027